Southville International School and Colleges

Aims and Aids for Girls and Young Women : (Record no. 250074)

000 -LEADER
fixed length control field 00920cam a22002413a 4500
001 - CONTROL NUMBER
control field 20819
003 - CONTROL NUMBER IDENTIFIER
control field PGUSA
005 - DATE AND TIME OF LATEST TRANSACTION
control field 20140828083437.0
008 - FIXED-LENGTH DATA ELEMENTS--GENERAL INFORMATION
fixed length control field 070314s2007||||xxu|||||s|||||000 | eng d
040 ## - CATALOGING SOURCE
Original cataloging agency PGUSA
Language of cataloging eng
042 ## - AUTHENTICATION CODE
Authentication code dc
050 #4 - LIBRARY OF CONGRESS CALL NUMBER
Classification number BJ
100 1# - MAIN ENTRY--PERSONAL NAME
Personal name Weaver, G. S.
Fuller form of name (George Sumner),
Dates associated with a name 1818-1908
245 10 - TITLE STATEMENT
Title Aims and Aids for Girls and Young Women :
Remainder of title On the Various Duties of Life, Physical, Intellectual, And Moral Development; Self-Culture, Improvement, Dress, Beauty, Fashion, Employment, Education, The Home Relations, Their Duties To Young Men, Marriage, Womanhood And Happiness.
Medium [electronic resource] /
Statement of responsibility, etc G. S. Weaver
260 ## - PUBLICATION, DISTRIBUTION, ETC. (IMPRINT)
Name of publisher, distributor, etc Project Gutenberg,
Date of publication, distribution, etc 2007
506 ## - RESTRICTIONS ON ACCESS NOTE
Terms governing access Public domain in the USA.
516 ## - TYPE OF COMPUTER FILE OR DATA NOTE
Type of computer file or data note Electronic text
653 ## - INDEX TERM--UNCONTROLLED
Uncontrolled term Conduct of life
653 ## - INDEX TERM--UNCONTROLLED
Uncontrolled term Young women
830 #0 - SERIES ADDED ENTRY--UNIFORM TITLE
Uniform title Project Gutenberg
Volume number/sequential designation 20819
856 40 - ELECTRONIC LOCATION AND ACCESS
Uniform Resource Identifier http://www.gutenberg.org/ebooks/20819
942 ## - ADDED ENTRY ELEMENTS (KOHA)
Koha item type eBooks
Holdings
Lost status Current Location Withdrawn status Date acquired Date last seen Damaged status Koha item type Price effective from Permanent Location
 Project Gutenberg 2014-08-282014-08-28 eBooks2014-08-28Project Gutenberg
Powered by Koha